000 00276nam a2200097 4500
999 _c522516
_d522516
082 _aI5135x5444 AR/4/2
100 _aGovernment of karnataka
_937702
245 _a4th report of the karnataka administrative reforms commission-two
260 _aBengaluru
_c2022
300 _a229p.